[Event "1st 4NCL International Open"]
[Site "Telford"]
[Date "2018.11.04"]
[Round "8"]
[White "Fernandez, Daniel Howard"]
[Black "Pert, Richard G"]
[Result "1/2-1/2"]
[WhiteElo "2465"]
[BlackElo "2408"]
[Annotator "TA"]
[PlyCount "132"]
[EventDate "2018.10.31"]
[EventType "swiss"]
[EventCountry "GBR"]
[SourceTitle "playchess.com"]
[Source "ChessBase"]
[SourceQuality "1"]

{[%evp 9,131,37,38,39,37,25,37,14,27,22,27,0,5,0,0,0,0,0,0,0,0,0,5,0,0,0,0,0,0,0,0,0,0,0,0,0,8,15,16,0,0,0,0,0,0,0,0,0,0,0,0,0,0,0,0,-13,0,0,0,0,0,0,0,0,0,0,0,0,0,0,0,0,0,0,0,0,0,0,0,0,0,0,0,0,0,0,0,0,0,0,0,0,0,0,0,0,0,0,0,0,0,0,0,0,0,0,0,0,0,0,0,0,0,0,0,0,0,0,0,0,0,0,0,0]} 1. f4 d5 2. Nf3 g6 3. c4 d4 (3... c6 4. e3 Bg7 5. Nc3 Nf6 6. d4 O-O 7. Be2 e6 8. O-O dxc4 9. Bxc4 Nbd7 10. e4 b5 11. Bd3 b4 12. Na4 c5 13. Nxc5 Nxc5 14. dxc5 {1-0 (39) Rapport,R (2693)-Fressinet,L (2712) Reykjavik 2015 CBM 170 [Havasi,G]}) 4. e4 dxe3 5. d4 Bg7 6. Bxe3 {A03: Bird's Opening with 1...d5} Nh6 $146 ({Predecessor:} 6... Bg4 7. Nbd2 Nh6 8. Bf2 O-O 9. Be2 c5 10. Nb3 cxd4 11. Nfxd4 Bxe2 12. Qxe2 {0-1 (49) Sipila,V (2467)-Neiksans,A (2551) Finland 2013}) 7. Nc3 O-O 8. Be2 {White is slightly better.} c5 9. dxc5 Qa5 10. Qd2 Nc6 {The position is equal.} 11. Nd5 Qxd2+ 12. Bxd2 Bxb2 13. Rb1 Bg7 14. Ne5 Bxe5 15. fxe5 Nf5 16. Bc3 Rb8 17. Kf2 Ng7 18. Nb4 Bf5 19. Nxc6 bxc6 20. Rxb8 Rxb8 21. Bf3 Bd7 22. Rd1 Rb7 23. Bd2 Ne6 24. Bh6 f6 25. exf6 exf6 26. Rd6 Kf7 27. Be3 Ke7 28. Bxc6 Bxc6 29. Rxc6 $11 {[%mdl 4096] Endgame KRB-KRN} Rb2+ 30. Kf3 Rxa2 31. Rc8 Ra3 32. h4 Kd7 33. Rh8 Nxc5 34. Rxh7+ Ke6 35. Rc7 Nd7 36. Ke4 Ne5 37. Bf4 {Hoping for Bxe5.} Kd6 {[#] ( -> ...f5+)} 38. Bxe5+ fxe5 {KR-KR} 39. Rc8 Rg3 40. c5+ Kd7 41. Ra8 (41. Rf8 {is more complex.} Kc6 42. Rc8+ Kd7) 41... Kc6 42. Kxe5 Kxc5 43. Rxa7 {Strongly threatening Kf6.} Rxg2 44. Rc7+ Kb5 45. Kf4 Rh2 46. Kg3 Rh1 47. Rc2 Rg1+ 48. Kh2 Rg4 49. Kh3 (49. h5 $5) 49... Rg1 50. Rc8 Kb6 51. Rc4 (51. h5 $5) 51... Rh1+ 52. Kg2 Rd1 (52... Ra1 {feels hotter.} 53. Rc3 Ra4 54. Kg3 Ra1 55. Kg2) 53. Rc8 Rd4 54. Kg3 Rd1 55. Rc4 Rg1+ 56. Kf3 Rh1 57. Rg4 Kc7 58. Kf4 {And now Kg5 would win.} ({Resist} 58. Kg2 $6 Re1 $16) 58... Kd7 59. Kg5 Ke7 60. Kxg6 {Black must now prevent Rf4.} Kf8 61. Kh7 {Rf4+ is the strong threat.} Rf1 62. h5 {aiming for Rg7.} Kf7 63. h6 Rf2 64. Kh8 Rf1 65. h7 Rf2 66. Rf4+ $2 {[%mdl 8192] [#]} (66. Rg7+ Kf8 67. Rg8+ Kf7 68. Rg7+ Kf8 69. Rb7 (69. Rg8+ Kf7 $11)) 66... Rxf4 {Precision: White = 70%, Black = 91%.} 1/2-1/2

[Event "1st 4NCL International Open"]
[Site "Telford"]
[Date "2018.11.04"]
[Round "8"]
[White "Haria, Ravi"]
[Black "Gormally, Daniel W"]
[Result "1-0"]
[WhiteElo "2436"]
[BlackElo "2483"]
[Annotator "ChessBase"]
[PlyCount "89"]
[EventDate "2018.10.31"]
[EventType "swiss"]
[EventCountry "GBR"]
[SourceTitle "playchess.com"]
[Source "ChessBase"]
[SourceQuality "1"]
[TimeControl "5400+30"]

1. e4 {[%emt 0:00:00]} c5 {[%emt 0:01:38]} 2. Nf3 {[%emt 0:00:00]} d6 {[%emt 0:00:16]} 3. Bb5+ {[%emt 0:00:08]} Nc6 {[%emt 0:00:32]} 4. O-O {[%emt 0:00:19]} Bd7 {[%emt 0:00:08]} 5. Re1 {[%emt 0:00:12]} Nf6 {[%emt 0:00:21]} 6. c3 {[%emt 0:00:10]} a6 {[%emt 0:00:27]} 7. Bc4 {[%emt 0:00:12]} b5 {[%emt 0:01:59]} 8. Bf1 {[%emt 0:00:31]} e5 {[%emt 0:04:19]} 9. d4 {[%emt 0:00:43]} cxd4 {[%emt 0:02:16]} 10. cxd4 {[%emt 0:00:06]} Be7 {[%emt 0:00:24]} 11. d5 {[%emt 0:16:14]} Na7 {[%emt 0:01:27]} 12. a4 {[%emt 0:01:22]} O-O {[%emt 0:01:39]} 13. axb5 {[%emt 0:05:43]} axb5 {[%emt 0:02:59]} 14. Nbd2 {[%emt 0:07:24]} Qb8 {[%emt 0:05:50]} 15. Nb3 {[%emt 0:07:41]} Bd8 {[%emt 0:00:12]} 16. h3 {[%emt 0:04:46]} Nc8 {[%emt 0:00:07]} 17. Bd2 {[%emt 0:03:58]} Ra4 {[%emt 0:01:21]} 18. Bd3 {[%emt 0:00:55]} Bb6 {[%emt 0:04:14]} 19. Qe2 {[%emt 0:03:24]} Ne7 {[%emt 0:03:51]} 20. Na5 {[%emt 0:08:18]} Rc8 {[%emt 0:04:08]} 21. b3 {[%emt 0:01:28]} Rxa1 {[%emt 0:00:33]} 22. Rxa1 {[%emt 0:00:02]} h6 {[%emt 0:10:22]} 23. Ne1 {[%emt 0:13:33]} Bd4 {[%emt 0:02:23]} 24. Ra2 {[%emt 0:03:02]} Bc3 {[%emt 0:01:01]} 25. Nc2 {[%emt 0:01:02]} Bxd2 {[%emt 0:02:49]} 26. Qxd2 {[%emt 0:00:06]} Qb6 {[%emt 0:02:17]} 27. Qe3 {[%emt 0:03:04]} Qc7 {[%emt 0:01:11]} 28. Kh2 {[%emt 0:03:16]} Ng6 {[%emt 0:03:52]} 29. b4 {[%emt 0:04:42]} Qc3 {[%emt 0:02:23]} 30. g3 {[%emt 0:05:41]} h5 {[%emt 0:01:09]} 31. Ra3 {[%emt 0:01:07]} Qc7 32. Rb3 {[%emt 0:02:31]} h4 {[%emt 0:06:55]} 33. Na3 {[%emt 0:00:00]} hxg3+ {[%emt 0:01:32]} 34. fxg3 {[%emt 0:00:00]} Qc1 {[%emt 0:07:14]} 35. Qxc1 {[%emt 0:00:00]} Rxc1 {[%emt 0:00:05]} 36. Nc6 {[%emt 0:00:06]} Re1 {[%emt 0:04:23]} 37. Nxb5 {[%emt 0:00:50]} Nxe4 {[%emt 0:00:46]} 38. Bxe4 {[%emt 0:00:22]} Rxe4 {[%emt 0:00:10]} 39. Nc3 {[%emt 0:01:09]} Re3 {[%emt 0:02:24]} 40. b5 {[%emt 0:00:17]} Bc8 {[%emt 0:01:08]} 41. b6 {[%emt 0:03:19]} e4 {[%emt 0:00:33]} 42. Ra3 {[%emt 0:01:07]} Kh7 {[%emt 0:00:37]} 43. Nb5 {[%emt 0:01:40]} Re2+ {[%emt 0:01:57]} 44. Kg1 {[%emt 0:00:19]} e3 {[%emt 0:01:05]} 45. Nxd6 {[%emt 0:00:24]} 1-0

[Event "1st 4NCL International Open"]
[Site "Telford"]
[Date "2018.11.04"]
[Round "8"]
[White "Roberson, Peter T"]
[Black "Hebden, Mark L"]
[Result "1/2-1/2"]
[WhiteElo "2403"]
[BlackElo "2425"]
[Annotator "TA"]
[PlyCount "67"]
[EventDate "2018.10.31"]
[EventType "swiss"]
[EventCountry "GBR"]
[SourceTitle "playchess.com"]
[Source "ChessBase"]
[SourceQuality "1"]

{[%evp 28,67,31,41,47,44,49,47,66,68,62,67,93,54,49,61,50,44,41,24,26,15,23,0,0,0,19,7,54,54,90,6,98,96,90,0,0,0,116,0,0,0]} 1. e4 e5 2. Nf3 Nc6 3. Bb5 {[%cal Bf1b5,Bb5a4,Ba4b3,Bb3a2][%mdl 32]} a6 4. Ba4 Nf6 5. O-O Be7 6. Re1 b5 7. Bb3 O-O 8. a4 Bb7 9. d3 d6 10. Nbd2 {[%cal Bb1d2,Bd2f1,Bf1e3][%mdl 32]} Na5 11. Ba2 c5 12. Nf1 b4 {C88: Closed Ruy Lopez: Anti-Marshall Systems} 13. c3 Rb8 (13... bxc3 14. bxc3 c4 15. Ng3 cxd3 16. Qxd3 Bc8 17. Ba3 Nb7 18. Rab1 Qa5 19. Nf5 Bxf5 20. Rxb7 Qxa4 21. exf5 {½-½ (36) Grandelius,N (2651)-Urkedal,F (2548) Bergen 2018}) 14. cxb4 cxb4 15. Bd2 {LiveBook: 5 Games} Bc8 16. Ne3 h6 17. Rc1 Be6 18. Bxe6 fxe6 19. Nc4 Nd7 $146 ({Predecessor:} 19... Nc6 20. Qb3 {0-1 (41) Melamed,T (2293)-Szczepkowska,K (2273) Germany 2008}) 20. d4 (20. Nxa5 {with more complications.} Qxa5 21. d4 Rfe8 22. dxe5 Nxe5 23. Nd4) 20... Nxc4 21. Rxc4 a5 22. dxe5 Nxe5 23. Nxe5 dxe5 24. Qe2 Qd7 25. Be3 Qxa4 26. Rc7 Rf7 27. Qc4 $36 {[%mdl 2048] Black is under pressure.} Qe8 28. Qxe6 {And now Rd1 would win.} b3 29. Rd1 (29. Ba7 $16 Rd8 30. Qxb3) 29... Bf8 {[#]} (29... Bh4 $1 $11 30. Qc4 Rb4) 30. Qc4 $1 $16 {Threatens to win with Rdd7.} Rb4 31. Qd5 Rb5 $1 {[%cal Rb5d5]} 32. Qc4 Rb4 {[#]} 33. Qd5 (33. Qc3 $1 $16) 33... Rb5 $1 $11 {[%cal Rb5d5]} 34. Qc4 {Precision: White = 50%, Black = 41%.} 1/2-1/2

[Event "1st 4NCL International Open"]
[Site "Telford"]
[Date "2018.11.04"]
[Round "8"]
[White "Rahul Srivatshav P"]
[Black "Willow, Jonah B"]
[Result "1-0"]
[WhiteElo "2391"]
[BlackElo "2224"]
[Annotator "NA"]
[PlyCount "49"]
[EventDate "2018.10.31"]
[EventType "swiss"]
[EventCountry "GBR"]
[SourceTitle "playchess.com"]
[Source "ChessBase"]
[SourceQuality "1"]
[TimeControl "5400+30"]

1. e4 {[%emt 0:04:48]} c5 {[%emt 0:00:00]} 2. Nf3 {[%emt 0:00:09]} e6 {[%emt 0:00:32]} 3. d4 {[%emt 0:00:12]} cxd4 {[%emt 0:00:06]} 4. Nxd4 {[%emt 0:00:03]} Nc6 {[%emt 0:00:11]} 5. Nc3 {[%emt 0:00:11]} Qc7 {[%emt 0:00:07]} 6. Be3 {[%emt 0:00:05]} Nf6 {[%emt 0:00:05]} 7. f4 {[%emt 0:00:04]} Bb4 {[%emt 0:01:07]} 8. Ndb5 {[%emt 0:00:09]} Qa5 {[%emt 0:00:20]} 9. e5 {[%emt 0:00:05]} Ne4 {[%emt 0:03:58]} 10. Qd3 {[%emt 0:00:12]} Nxc3 {[%emt 0:00:06]} 11. bxc3 {[%emt 0:00:05]} Be7 {[%emt 0:00:04]} 12. Be2 {[%emt 0:00:16]} O-O {[%emt 0:00:38]} 13. O-O {[%emt 0:00:03]} f6 {[%emt 0:02:23]} 14. exf6 {[%emt 0:01:46]} Bxf6 {[%emt 0:00:15]} 15. Rab1 {[%emt 0:00:03]} d5 {[%emt 0:07:07]} 16. c4 {[%emt 0:00:04]} Rd8 {[%emt 0:20:46]} 17. c5 {[%emt 0:00:05]} b6 {[%emt 0:06:40]} 18. cxb6 {[%emt 0:00:04]} axb6 {[%emt 0:00:09]} 19. Bf2 {[%emt 0:00:16]} Ba6 {[%emt 0:03:00]} 20. Qh3 {[%emt 0:03:14]} Bxb5 {[%emt 0:09:54]} 21. Rxb5 {[%emt 0:02:53]} Qc3 {[%emt 0:02:29]} 22. Bd3 {[%emt 0:07:48]} g6 {[%emt 0:05:49]} 23. Qxe6+ {[%emt 0:00:26]} Kg7 {[%emt 0:00:24]} 24. Rb3 {[%emt 0:00:40]} Re8 {[%emt 0:02:51]} 25. Qd7+ {[%emt 0:00:46]} 1-0

[Event "1st 4NCL International Open"]
[Site "Telford"]
[Date "2018.11.04"]
[Round "8"]
[White "Ravi, Teja S."]
[Black "Fodor, Tamas Jr."]
[Result "1/2-1/2"]
[WhiteElo "2378"]
[BlackElo "2520"]
[Annotator "TA"]
[PlyCount "26"]
[EventDate "2018.10.31"]
[EventType "swiss"]
[EventCountry "GBR"]
[SourceTitle "playchess.com"]
[Source "ChessBase"]
[SourceQuality "1"]

{[%evp 13,26,17,34,0,0,0,14,-16,35,28,34,33,32,31,68]} 1. d4 d5 2. Bf4 Nf6 3. e3 c5 4. Nf3 Nc6 5. Nbd2 (5. c3 e6 6. Nbd2 cxd4 7. exd4 Nh5 8. Bg5 f6 9. Be3 Bd6 10. Bb5 O-O 11. O-O Ne7 12. Re1 Bd7 13. Bd3 g6 14. Bh6 Rf7 {½-½ (83) Caruana,F (2822)-Aronian,L (2767) chess.com INT 2018}) 5... Qb6 6. dxc5 {D02: 1 d4 d5 2 Nf3 sidelines, including 2...Nf6 3 g3 and 2...Nf6 3 Bf4} Qxc5 7. c3 g6 {LiveBook: 4 Games} 8. Be2 Bg7 9. O-O O-O 10. Rc1 $146 ({Predecessor:} 10. a4 a5 11. Nb3 Qb6 12. Bb5 Rd8 {0-1 (61) Ribbegren,K (2249)-Bellia,F (2452) Acqui Terme 2015}) 10... Qa5 ({Black should play} 10... Qb6 $11) 11. b4 $14 Qb6 12. b5 Na5 13. Qa4 Bd7 1/2-1/2

[Event "1st 4NCL International Open"]
[Site "Telford"]
[Date "2018.11.04"]
[Round "8"]
[White "Macklin, Paul"]
[Black "Wall, Tim P"]
[Result "1/2-1/2"]
[WhiteElo "2361"]
[BlackElo "2248"]
[Annotator "NA"]
[PlyCount "30"]
[EventDate "2018.10.31"]
[EventType "swiss"]
[EventCountry "GBR"]
[SourceTitle "playchess.com"]
[Source "ChessBase"]
[SourceQuality "1"]
[TimeControl "5400+30"]

1. e4 {[%emt 0:00:00]} e5 {[%emt 0:03:33]} 2. Bc4 {[%emt 0:00:54]} Nf6 {[%emt 0:00:22]} 3. d3 {[%emt 0:00:04]} Nc6 {[%emt 0:00:21]} 4. Nf3 {[%emt 0:00:16]} Bc5 {[%emt 0:00:20]} 5. c3 {[%emt 0:01:59]} O-O {[%emt 0:00:28]} 6. Bb3 {[%emt 0:00:16]} d5 {[%emt 0:01:02]} 7. Qe2 {[%emt 0:01:02]} Be6 {[%emt 0:04:31]} 8. Bg5 {[%emt 0:05:48]} Be7 {[%emt 0:09:45]} 9. Nbd2 {[%emt 0:09:08]} h6 {[%emt 0:09:54]} 10. Bh4 {[%emt 0:07:31]} a5 {[%emt 0:16:27]} 11. a4 {[%emt 0:06:03]} Nh5 {[%emt 0:09:51]} 12. Bxe7 {[%emt 0:10:59]} Qxe7 {[%emt 0:00:28]} 13. g3 {[%emt 0:00:14]} Rad8 {[%emt 0:08:06]} 14. O-O {[%emt 0:08:21]} Nf6 {[%emt 0:08:14]} 15. exd5 {[%emt 0:08:29]} Bxd5 {[%emt 0:01:10]} 1/2-1/2

[Event "1st 4NCL International Open"]
[Site "Telford"]
[Date "2018.11.04"]
[Round "8"]
[White "Kulkarni, Rakesh"]
[Black "Williams, Simon K"]
[Result "0-1"]
[WhiteElo "2305"]
[BlackElo "2466"]
[Annotator "TA"]
[PlyCount "64"]
[EventDate "2018.10.31"]
[EventType "swiss"]
[EventCountry "GBR"]
[SourceTitle "playchess.com"]
[Source "ChessBase"]
[SourceQuality "1"]

{[%evp 13,64,60,56,9,26,0,0,-8,0,4,30,-15,-25,-33,0,0,0,0,27,58,38,-7,25,0,-4,-86,-102,-89,-92,-107,-94,-94,-91,-82,-99,-95,-55,-80,-85,-356,-364,-345,-358,-351,-350,-1278,-1235,-1471,-1415,-29992,-29993,-29994,-29995]} 1. e4 g6 2. d4 Bg7 3. Nc3 d6 4. Be3 a6 5. a4 b6 6. Qd2 Bb7 {B06: Modern Defence} 7. f3 (7. h4 Nf6 8. f3 Nc6 9. g4 h6 10. Nge2 e6 11. Bh3 Qe7 12. g5 hxg5 13. Bxg5 Qd7 14. O-O-O {1-0 (28) Naiditsch,A (2697)-Shoker,S (2475) Brest 2018}) 7... e6 {LiveBook: 3 Games} 8. g4 h5 $1 {The position is equal.} 9. g5 $146 ({Predecessor:} 9. gxh5 Qh4+ 10. Bf2 Qxh5 11. O-O-O Nf6 12. Be2 Bh6 13. Be3 Bxe3 14. Qxe3 {1-0 (62) Staberhofer,R (2211)-Leskovar,M (2373) Liberec 2006}) 9... Ne7 10. Bg2 O-O 11. Nge2 c5 12. O-O Nbc6 {[%cal Bb8c6,Bc6a5,Ba5c4][%mdl 32]} 13. f4 d5 14. Rad1 cxd4 15. Nxd4 Na5 16. Qe2 Nc4 17. Bc1 Qc7 18. e5 Nc6 (18... Na5 {feels hotter.} 19. Be3 Nc4 20. Bc1) 19. Nxe6 (19. Nxc6 $11 {remains equal.} Qxc6 20. b3 Qc5+ 21. Qf2) 19... fxe6 $17 {[#]} 20. Nxd5 $1 {[%mdl 512]} exd5 21. Bxd5+ Kh7 {[%cal Rc4e5,Bg8h7,Bh7g7,Bg7f8][%mdl 32]} 22. Qxc4 b5 $36 {[%mdl 2048] White is under strong pressure.} 23. Qe4 Rad8 $1 {[%cal Ba8d8,Bd8d5,Bd5f5][%mdl 32] Strongly threatening ...Rxd5!} 24. f5 Bxe5 {Hoping for ...Rxd5!} 25. fxg6+ {[#]} Kg7 $1 ({Much worse is} 25... Kh8 $6 26. axb5 axb5 27. Rf7 $14) 26. Rf7+ $2 {[%mdl 8192]} (26. Rxf8 $17 {is the only way for White.} Rxf8 27. Kg2) 26... Rxf7 $19 27. gxf7 Bxh2+ 28. Kh1 {[#] White wants to mate with Qe8.} Rxd5 $1 {[%mdl 512]} 29. f8=Q+ $2 (29. Rxd5 Nb4 30. Qf3 Qxf7 31. Qxf7+ Kxf7 32. Kxh2 Bxd5 33. axb5 axb5 34. Be3) 29... Kxf8 30. Rf1+ Kg7 {Threatens to win with ...Nb4!} 31. Qf3 {[#]} Rf5 $1 32. Qc3+ (32. Qxf5 Nd4+) 32... Nd4+ {Precision: White = 27%, Black = 69%.} 0-1

[Event "1st 4NCL International Open"]
[Site "Telford"]
[Date "2018.11.04"]
[Round "8"]
[White "Mihalik, Agoston"]
[Black "Ratnesan, Ranesh"]
[Result "1-0"]
[WhiteElo "2223"]
[BlackElo "1985"]
[Annotator "NA"]
[PlyCount "81"]
[EventDate "2018.10.31"]
[EventType "swiss"]
[EventCountry "GBR"]
[SourceTitle "playchess.com"]
[Source "ChessBase"]
[SourceQuality "1"]
[TimeControl "5400+30"]

1. e4 {[%emt 0:00:00]} c5 {[%emt 0:00:00]} 2. Nf3 {[%emt 0:00:00]} d6 {[%emt 0:00:00]} 3. Bb5+ {[%emt 0:00:00]} Bd7 {[%emt 0:00:05]} 4. Bxd7+ {[%emt 0:00:00]} Nxd7 {[%emt 0:00:27]} 5. O-O {[%emt 0:04:17]} Ngf6 {[%emt 0:01:18]} 6. Qe2 {[%emt 0:00:47]} Rc8 {[%emt 0:01:06]} 7. c4 {[%emt 0:03:58]} g6 {[%emt 0:00:30]} 8. d4 {[%emt 0:02:47]} cxd4 {[%emt 0:00:34]} 9. Nxd4 {[%emt 0:00:08]} Bg7 {[%emt 0:00:18]} 10. Nc3 {[%emt 0:00:40]} O-O {[%emt 0:00:29]} 11. Be3 {[%emt 0:03:20]} a6 {[%emt 0:05:43]} 12. Rac1 {[%emt 0:01:08]} Re8 {[%emt 0:04:39]} 13. b3 {[%emt 0:03:05]} Qa5 {[%emt 0:03:02]} 14. h3 {[%emt 0:10:24]} Nc5 {[%emt 0:10:16]} 15. Bd2 {[%emt 0:07:09]} Qd8 {[%emt 0:08:28]} 16. Nf3 {[%emt 0:22:38]} Rb8 {[%emt 0:15:59]} 17. Bf4 {[%emt 0:06:51]} Ne6 {[%emt 0:06:29]} 18. Bh2 {[%emt 0:03:04]} Qa5 {[%emt 0:04:09]} 19. Nd5 {[%emt 0:08:12]} Nxd5 {[%emt 0:06:19]} 20. cxd5 {[%emt 0:00:18]} Nc5 {[%emt 0:01:37]} 21. e5 {[%emt 0:00:41]} dxe5 {[%emt 0:03:51]} 22. Nxe5 {[%emt 0:00:14]} Rbd8 {[%emt 0:01:39]} 23. Rfd1 {[%emt 0:00:07]} Nd7 {[%emt 0:02:47]} 24. Nc4 {[%emt 0:04:30]} Qb5 {[%emt 0:01:05]} 25. Qf3 {[%emt 0:00:36]} Nf6 {[%emt 0:02:35]} 26. d6 {[%emt 0:00:09]} e5 {[%emt 0:01:36]} 27. a4 {[%emt 0:00:39]} Qb4 {[%emt 0:04:21]} 28. Nxe5 {[%emt 0:04:05]} Rxd6 {[%emt 0:01:05]} 29. Nd3 {[%emt 0:00:19]} Rxd3 {[%emt 0:00:28]} 30. Qxd3 {[%emt 0:00:07]} b5 {[%emt 0:01:22]} 31. Bd6 {[%emt 0:00:50]} Qe4 {[%emt 0:00:46]} 32. axb5 {[%emt 0:00:35]} Qxd3 {[%emt 0:00:24]} 33. Rxd3 {[%emt 0:00:03]} axb5 {[%emt 0:00:06]} 34. f3 {[%emt 0:00:55]} Bh6 {[%emt 0:01:05]} 35. Rcd1 {[%emt 0:01:47]} Be3+ {[%emt 0:01:47]} 36. Kf1 {[%emt 0:00:12]} Bb6 {[%emt 0:00:24]} 37. g4 {[%emt 0:00:21]} Nd7 {[%emt 0:01:05]} 38. Rd5 {[%emt 0:01:25]} Re3 {[%emt 0:01:15]} 39. R1d3 {[%emt 0:00:09]} Rxd3 {[%emt 0:00:06]} 40. Rxd3 {[%emt 0:00:03]} Bc5 {[%emt 0:00:52]} 41. Bc7 {[%emt 0:01:32]} 1-0

[Event "1st 4NCL International Open"]
[Site "Telford"]
[Date "2018.11.04"]
[Round "8"]
[White "Hill, Alistair"]
[Black "Stepanyan, Henrik"]
[Result "1-0"]
[WhiteElo "2204"]
[BlackElo "2158"]
[Annotator "NA"]
[PlyCount "141"]
[EventDate "2018.10.31"]
[EventType "swiss"]
[EventCountry "GBR"]
[SourceTitle "playchess.com"]
[Source "ChessBase"]
[SourceQuality "1"]
[TimeControl "5400+30"]

1. Nf3 {[%emt 0:06:18]} Nf6 {[%emt 0:00:08]} 2. c4 {[%emt 0:01:00]} e6 {[%emt 0:00:10]} 3. g3 {[%emt 0:00:04]} d5 {[%emt 0:00:17]} 4. Bg2 {[%emt 0:00:04]} Be7 {[%emt 0:00:06]} 5. O-O {[%emt 0:00:05]} O-O {[%emt 0:00:09]} 6. b3 {[%emt 0:02:18]} a5 {[%emt 0:01:40]} 7. Nc3 {[%emt 0:01:23]} b6 {[%emt 0:00:20]} 8. cxd5 {[%emt 0:02:17]} exd5 {[%emt 0:04:00]} 9. d4 {[%emt 0:00:27]} Bb7 {[%emt 0:09:12]} 10. Bb2 {[%emt 0:04:42]} Nbd7 {[%emt 0:03:49]} 11. Rc1 {[%emt 0:00:15]} Re8 {[%emt 0:00:12]} 12. Qc2 {[%emt 0:06:33]} Bb4 {[%emt 0:13:53]} 13. e3 {[%emt 0:02:49]} Rc8 {[%emt 0:04:34]} 14. Rfd1 {[%emt 0:07:14]} Qe7 {[%emt 0:06:12]} 15. Qb1 {[%emt 0:06:39]} h6 {[%emt 0:19:11]} 16. Bh3 {[%emt 0:18:04]} Bxc3 {[%emt 0:05:47]} 17. Rxc3 {[%emt 0:01:32]} Ne4 {[%emt 0:00:23]} 18. Rc2 {[%emt 0:00:03]} c6 {[%emt 0:00:55]} 19. Qc1 {[%emt 0:04:44]} Rc7 {[%emt 0:02:28]} 20. Bg2 {[%emt 0:04:02]} Qe6 {[%emt 0:03:17]} 21. a4 {[%emt 0:01:30]} Ba8 {[%emt 0:03:00]} 22. Ba3 {[%emt 0:00:12]} Rec8 {[%emt 0:02:09]} 23. Nd2 {[%emt 0:07:04]} Ndf6 {[%emt 0:01:57]} 24. Nxe4 {[%emt 0:00:26]} dxe4 {[%emt 0:02:38]} 25. Rc4 {[%emt 0:01:38]} Qd5 {[%emt 0:02:22]} 26. Qc2 {[%emt 0:04:00]} Re8 {[%emt 0:02:42]} 27. Rb1 {[%emt 0:02:36]} Bb7 {[%emt 0:00:28]} 28. b4 {[%emt 0:00:10]} axb4 {[%emt 0:00:05]} 29. Rcxb4 {[%emt 0:00:37]} Nd7 {[%emt 0:01:12]} 30. Rc1 {[%emt 0:05:30]} Ba6 {[%emt 0:00:36]} 31. h4 {[%emt 0:01:59]} Rcc8 {[%emt 0:03:49]} 32. Bh3 {[%emt 0:00:18]} Bd3 {[%emt 0:00:33]} 33. Qb3 {[%emt 0:00:10]} Rcd8 {[%emt 0:02:36]} 34. Qxd5 {[%emt 0:02:27]} cxd5 {[%emt 0:00:02]} 35. Rc7 {[%emt 0:00:06]} Nf6 {[%emt 0:03:24]} 36. Rxb6 {[%emt 0:00:02]} Ra8 {[%emt 0:00:03]} 37. Rbb7 {[%emt 0:00:16]} Rxa4 {[%emt 0:00:30]} 38. Bd6 {[%emt 0:05:47]} Ba6 {[%emt 0:00:52]} 39. Ra7 {[%emt 0:00:29]} Bb5 {[%emt 0:00:50]} 40. Rxf7 {[%emt 0:00:52]} Rxa7 {[%emt 0:00:02]} 41. Rxa7 {[%emt 0:00:06]} Be2 {[%emt 0:03:00]} 42. Rb7 {[%emt 0:00:57]} Ra8 {[%emt 0:00:21]} 43. Rb8+ {[%emt 0:00:05]} Rxb8 {[%emt 0:00:04]} 44. Be6+ {[%emt 0:00:25]} Kh7 {[%emt 0:00:21]} 45. Bxb8 {[%emt 0:00:03]} Bc4 {[%emt 0:00:17]} 46. Be5 {[%emt 0:00:11]} Kg6 {[%emt 0:00:49]} 47. Bxf6 {[%emt 0:00:24]} Kxf6 {[%emt 0:00:34]} 48. Bh3 {[%emt 0:00:03]} Ke7 {[%emt 0:01:14]} 49. f3 {[%emt 0:01:35]} exf3 {[%emt 0:00:14]} 50. Kf2 {[%emt 0:00:02]} Kf6 {[%emt 0:00:38]} 51. Kxf3 {[%emt 0:00:07]} Bd3 {[%emt 0:00:02]} 52. Bd7 {[%emt 0:02:34]} g5 {[%emt 0:01:03]} 53. hxg5+ {[%emt 0:00:29]} Kxg5 {[%emt 0:00:15]} 54. Kf2 {[%emt 0:01:21]} h5 {[%emt 0:00:26]} 55. Bc6 {[%emt 0:00:23]} Be4 {[%emt 0:00:37]} 56. Bb5 {[%emt 0:00:26]} h4 {[%emt 0:00:40]} 57. gxh4+ {[%emt 0:00:07]} Kxh4 {[%emt 0:00:02]} 58. Be2 {[%emt 0:00:09]} Bc2 {[%emt 0:00:30]} 59. Bf3 {[%emt 0:02:13]} Bb3 {[%emt 0:00:02]} 60. Ke2 {[%emt 0:00:33]} Kg5 {[%emt 0:00:39]} 61. Kd2 {[%emt 0:00:21]} Kf5 {[%emt 0:01:31]} 62. Kc3 {[%emt 0:00:02]} Ba2 {[%emt 0:00:04]} 63. Kb4 {[%emt 0:00:20]} Ke6 {[%emt 0:00:07]} 64. Kc5 {[%emt 0:00:14]} Bb3 {[%emt 0:00:09]} 65. Bg4+ {[%emt 0:00:47]} Ke7 {[%emt 0:00:03]} 66. Bf5 {[%emt 0:00:32]} Kf6 {[%emt 0:00:13]} 67. Bh7 {[%emt 0:00:18]} Kg7 {[%emt 0:01:11]} 68. Bd3 {[%emt 0:00:18]} Kf6 {[%emt 0:00:09]} 69. Kd6 {[%emt 0:00:28]} Bc4 {[%emt 0:00:32]} 70. Bc2 {[%emt 0:00:10]} Ba2 {[%emt 0:00:07]} 71. Bd1 {[%emt 0:00:13]} 1-0